00257 a2200121 4500001000700000020000600007040001100013100003200024240003400056245002900090300000700119362000900126186811 a  cMagnum aPalombo, Antônio Sérgio10aElas só falam de amor!lpor10aElas só falam de amor! a240 a1995